000
00289cam a22001097a 4500
008
180718b1973 xxu||||| |||| 00| 0 eng d
082
_a
Po3x42 Un3 73
245
_a
Education act1973
_c
by Her Majesty's
260
_a
London
_b
Her Majesty's
_c
1973
300
_a
11p
700
_a
U.K.Her Majesty's
999
_c
414221
_d
414221